The essentials of computer organization and architecture / (رقم التسجيلة. 79528)
[ عرض عادي ]
| 000 -الفاتح | |
|---|---|
| حقل البيانات ثابتة الطول | 01467cam a2200325 i 4500 |
| 001 - رقم الضبط | |
| رقم الضبط | 20030289 |
| 003 - محدد رقم الضبط | |
| رقم الضبط | OSt |
| 005 - وقت وتاريخ اخر تعامل مع التسجيلة | |
| رقم الضبط | 20210307102543.0 |
| 008 - عناصر البيانات ثابتة الطول - معلومات عامة | |
| حقل البيانات ثابتة الطول | 170925s2019 mau b 001 0 eng |
| 010 ## - رقم ضبط مكتبة الكونجرس | |
| رقم ضبط مكتبة الكونجرس | 2017044949 |
| 020 ## - الرقم الدولى المعيارى للكتب | |
| الرقم الدولى المعيارى للكتاب | 9781284123036 |
| Qualifying information | (hardback) |
| 040 ## - مصدر الفهرسة | |
| وكالة الفهرسة الأصلية | DLC |
| لغة الفهرسة | eng |
| وكالة النسخ | DLC |
| قواعد الوصف | rda |
| وكالة التعديل | DLC |
| 042 ## - رمز التحقق | |
| رمز التحقق | pcc |
| 050 00 - رقم طلب مكتبة الكونجرس | |
| رقم التصنيف | QA76.9.C643 |
| رقم المادة | N85 2019 |
| 082 00 - رقم تصنيف ديوى العشرى | |
| رقم التصنيف | 004.22 |
| رقم الطبعة | 23 |
| رقم المادة | NLE |
| 084 ## - رقم تصنيف آخر | |
| رقم التصنيف | COM051230 |
| مصدر الرقم | bisacsh |
| 100 1# - المدخل الرئيسى - إسم شخصى | |
| الإسم الشخصى | Null, Linda, |
| الدور | author. |
| 9 (RLIN) | 88733 |
| 245 14 - بيان العنوان | |
| العنوان | The essentials of computer organization and architecture / |
| بيان المسئوليه,etc | Linda Null, PhD, The Pennsylvana State University, Julia Lobur. |
| 250 ## - بيان الطبعة | |
| بيان الطبعة | Fifth edition. |
| 264 #1 - النشر, التوزيع, ETC. (IMPRINT) | |
| مكان الناشر او الموزع | Burlington, Massachusetts : |
| اسم الناشر او الموزع | Jones & Bartlett Learning, |
| تاريخ النشر أو التوزيع | 2019. |
| 300 ## - الوصف المادى | |
| التعداد | xxxi, 744 pages ; |
| أبعاد الوعاء | 24 cm |
| 504 ## - تبصرة ببليوجرافية | |
| تبصرة ببليوجرافية,الخ | Includes bibliographical references and index. |
| 520 ## - التبصرة الخاصة بالتعليق أو التلخيص | |
| ملخص,الخ | "This title presents computing systems as a series of layers, taking a bottoms -up approach by starting with low-level hardware and progressing to higher-level software. It is geared towards the computer scientist, as opposed to the computer engineer"-- |
| 650 #0 - المدخل الاضافى بالموضوع-مصطلح موضوعى | |
| مصطلح موضوعي أو اسم جغرافي كعنصر مدخل | Computer organization. |
| 9 (RLIN) | 88734 |
| 650 #0 - المدخل الاضافى بالموضوع-مصطلح موضوعى | |
| مصطلح موضوعي أو اسم جغرافي كعنصر مدخل | Computer architecture. |
| 9 (RLIN) | 88735 |
| 650 #7 - المدخل الاضافى بالموضوع-مصطلح موضوعى | |
| مصطلح موضوعي أو اسم جغرافي كعنصر مدخل | COMPUTERS / Software Development & Engineering / General. |
| مصدر الرأس أو المصطلح | bisacsh |
| 9 (RLIN) | 56688 |
| 906 ## - عنصر بيانات محلى F, LDF (RLIN) | |
| a | 7 |
| b | cbc |
| c | orignew |
| d | 1 |
| e | ecip |
| f | 20 |
| g | y-gencatlg |
| 942 ## - عناصر المدخل الإضافي( كوها) | |
| مصدر التصنيف او مخطط الترفيف | Dewey Decimal Classification |
| Koha [default] item type | كتاب |
| حالة الفقد | نموذج السعر الفعال | حالة تلف | ليس للاعارة | رقم الطلب | تاريخ الاكتساب | الموقع الحالي | الباركود | الفرع الرئيسي | Date last seen | نوع المادة فى نظام كوها | مصدر التصنيف او خطة الترفيف | Total Checkouts |
|---|---|---|---|---|---|---|---|---|---|---|---|---|
| 2021-03-07 | 004.22 NLE | 2021-03-07 | المكتبة المركزية بالمجمعة (CL) | 00168027 | المكتبة المركزية بالمجمعة (CL) | 2021-03-07 | كتاب | Dewey Decimal Classification | ||||
| 2021-03-07 | 004.22 NLE | 2021-03-07 | المكتبة المركزية بالمجمعة (CL) | 00168028 | المكتبة المركزية بالمجمعة (CL) | 2021-03-07 | كتاب | Dewey Decimal Classification | ||||
| 2021-03-07 | 004.22 NLE | 2021-03-07 | المكتبة المركزية بالمجمعة (CL) | 00168029 | المكتبة المركزية بالمجمعة (CL) | 2021-03-07 | كتاب | Dewey Decimal Classification | ||||
| 2021-03-07 | 004.22 NLE | 2021-03-07 | قسم الاجراءات الفنية (IC) | 00168081 | قسم الاجراءات الفنية (IC) | 2021-03-07 | كتاب | Dewey Decimal Classification | ||||
| 2021-03-07 | 004.22 NLE | 2021-03-07 | قسم الاجراءات الفنية (IC) | 00168082 | قسم الاجراءات الفنية (IC) | 2021-03-07 | كتاب | Dewey Decimal Classification | ||||
| 2021-03-07 | 004.22 NLE | 2021-03-07 | مكتبة مجمع الكليات بالزلفى - طلاب (SZM) | 00168079 | مكتبة مجمع الكليات بالزلفى - طلاب (SZM) | 2021-03-07 | كتاب | Dewey Decimal Classification | ||||
| 2021-03-07 | 004.22 NLE | 2021-03-07 | مكتبة مجمع الكليات بالزلفى - طلاب (SZM) | 00168080 | مكتبة مجمع الكليات بالزلفى - طلاب (SZM) | 2021-03-07 | كتاب | Dewey Decimal Classification |
